The Six Ingredients of Coca-Cola Quiz Stats

 Plays Quiz Updated Jun 24, 2013

Also try: Cola Wars
Challenge
Share
Tweet
Embed
Score 0/6 Timer 03:00
5 Plays Today
% Correct
Carbonated Water
76.3%
High Fructose Corn Syrup
72.9%
Caffeine
69.7%
Caramel Color
68.1%
Natural Flavor
47.9%
Phosphoric Acid
29.9%

You're not logged in!

Compare scores with friends on all Sporcle quizzes.
Join for Free
OR
Log In

You Might Also Like...

Show Comments

Extras

Top Quizzes Today


Score Distribution

Your Account Isn't Verified!

In order to create a playlist on Sporcle, you need to verify the email address you used during registration. Go to your Sporcle Settings to finish the process.

Report this User

Report this user for behavior that violates our Community Guidelines.

Details: